Statistics for Djibouti Country Quiz

Click here to take the quiz!

General Stats

  • This quiz has been taken 60 times
  • The average score is 4 of 10

Answer Stats

HintAnswer% Correct
CurrencyFranc
83%
Lake containing Africa's lowest pointLake Assal
65%
third largest cityTadjoura
57%
Second largest cityAli Sabieh
48%
Lake shares with Ehtiopia that is largest lake in DjiboutiLake Abbe
43%
Longest mountain range located northeast of the Gulf of TadjouraGoda Mountains
39%
Highest PointMousa Ali
39%
National park also known as Foret du Day in the Goda MountainsDay Forest National Park
26%
Mountain range between coastal plain and answer to aboveMabla Mountains
26%
Above is in what mountain rangeDenakil Mountains
22%

Score Distribution

Percentile by Number Answered

Percent of People with Each Score

Your Score History

You have not taken this quiz